000 00544nam a2200169Ia 4500
008 150610s9999 xx 000 0 und d
020 _a0 590424602
050 _aHS 306.3
_bL56
100 _aLester, Julius
245 _aTo be a slave /
_cJulius Lester; illustrated by Tom Feelings.
260 _aNew York :
_bDial Press,
_c1968.
300 _a160pages :
_billustrations ;
_c18 cm.
520 _aUnited States.
650 _aSlaves--Biography
_xUnited States.
650 _aSlaves--Social conditions
_xUnited States.
650 _bSlave trade.
999 _c288065
_d288065